North American Capitals - Learn - Statistics

General Stats
  • This quiz has been taken 110 times
  • The average score is 17 of 23
Answer Stats
Hint Answer % Correct
United States of America Washington DC
95%
Cuba Havana
89%
Mexico Mexico City
89%
Jamaica Kingston
87%
Saint Vincent and the Grenadines Kingstown
87%
Canada Ottawa
87%
Panama Panama City
87%
Guatemala Guatemala City
82%
El Salvador San Salvador
82%
Bahamas Nassau
79%
Haiti Port-au-Prince
74%
Costa Rica San Jose
71%
Dominican Republic Santo Domingo
71%
Nicaragua Managua
68%
Barbados Bridgetown
66%
Trinidad and Tobago Port of Spain
63%
Antigua and Barbuda Saint John's
63%
Honduras Tegucigalpa
63%
Grenada Saint George's
61%
Saint Lucia Castries
55%
Belize Belmopan
53%
Dominica Roseau
50%
Saint Kitts and Nevis Basseterre
45%
No matching quizzes found
Score Distribution
Percent of People with Each Score
Percentile by Number Answered
Your Score History
You have not taken this quiz